Dôležité osobné prekážky v práci

Každú z týchto prekážok v práci je zamestnaanec povinný zamestnávateľovi hodnoverným spôsobom preukázať. V opačnom prípade je zamestnávaateľ oprávnený hodnotiť neprítomnosť zamestnanca v práci ako neospravedlnenú a prípadne vyvodzovať z toho ďalšie právne následky.

Gespeichert in:
Bibliographische Detailangaben
1. Verfasser: Jaško, Jozef
Format: Buchkapitel
Sprache:Slowakisch
Schlagworte:
Tags: Tag hinzufügen
Keine Tags, Fügen Sie das erste Tag hinzu!

MARC

LEADER 00000naa a2200000 4500
001 0219996
005 20231120140022.9
041 0 |a slo 
044 |a SK 
245 1 0 |a Dôležité osobné prekážky v práci  |c Jozef Jaško 
520 |a Každú z týchto prekážok v práci je zamestnaanec povinný zamestnávateľovi hodnoverným spôsobom preukázať. V opačnom prípade je zamestnávaateľ oprávnený hodnotiť neprítomnosť zamestnanca v práci ako neospravedlnenú a prípadne vyvodzovať z toho ďalšie právne následky. 
610 2 0 |a zamestnanci 
610 2 0 |a prekážky v práci 
610 2 0 |a náhrada mzdy 
610 2 0 |a právo pracovné 
100 1 |a Jaško, Jozef